| 000 | 01041nam a22001697a 4500 | ||
|---|---|---|---|
| 003 | OSt | ||
| 005 | 20240221094010.0 | ||
| 008 | 240221s2000 ag ||||| |||| 00| 0 spa d | ||
| 020 | _a950860087 | ||
| 040 | _cbesoc | ||
| 100 |
_aFingueret, Manuela _eautor |
||
| 245 |
_aBarbarie y memoria. _b Fragmentos Literarios Del Holocausto y De La Dictadura Militar _cManuela Fingueret |
||
| 260 |
_aBuenos Aires: _bDesde La Gente _c2000 |
||
| 300 | _a127 p. | ||
| 520 | _aLa Barbarie-Epilogo-En una tarde de sol-Un mismo mundo-De Aushwitz a la liberación-El rey de los judíos-Toso lo que hay que saber acerca de Adolph Eichman-Noche y Niebla-La linea blanca-Tu cuerpo en humo a través del aire-El cheque-Una temporada en el infierno-Sin titulo-Diario de Ana Frank-Amar a la Tora mas que a Dios-La noche-Nosotros, los sobrevivientes-El Girasol-Situaciones Limites-Cartas de Bergen a Belsen y los otros-Situaciones límite-El indice de la humanidad en lo humano-Himno de la juventud-Canto del hambre-Conclusión-El genocidio-La mano. | ||
| 942 |
_2udc _cLPD _n0 |
||
| 999 |
_c200 _d200 |
||